Score 0/30 Timer 10:00
1 Play Today
Montant Joueur % Correct
40 millionsSergio Agüero
95.7%
50 millionsBernardo Silva
88.8%
28,75 millionsDavid Silva
88.6%
76 millions d'eurosKevin de Bruyne
87.7%
57,5 millionsBenjamin Mendy
84.4%
63,7 millionsRaheem Sterling
82.1%
65 millionsAymeric Laporte
82.1%
32 millionsGabriel Jesus
74.1%
67,8 millionsRiyad Mahrez
73.9%
40 millionsEderson
70.5%
52 millionsLeroy Sané
63.8%
52,7 millionsKyle Walker
63.7%
40 millionsFernandinho
63.2%
44,5 millionsNicolas Otamendi
61.1%
55,6 millionsJohn Stones
58%
Montant Joueur % Correct
70 millions Rodri
51.9%
45 millionsEliaquim Mangala
50.9%
30 millionsYaya Touré
49.2%
27 millionsIlkay Gündogan
46.4%
65 millionsJoão Cancelo
43.1%
27,5 millionsSamir Nasri
40.9%
29,5 millionsMario Balotelli
39.3%
43 millions Robinho
34.8%
37 millionsEdin Dzeko
34.5%
29 millionsCarlos Tévez
34.2%
30 millions Danilo
22.5%
29 millionsEmmanuel Adebayor
20.4%
32,3 millionsWilfried Bony
11.8%
27,5 millionsJoleon Lescott
9.9%
26 millionsStevan Jovetic
9.8%
Remove Ads.
Support Sporcle.
Get the best of Sporcle when you Go Orange. This ad-free experience offers more features, more stats, and more fun while also helping to support Sporcle. Thank you for becoming a member.

You're not logged in!

Compare scores with friends on all Sporcle quizzes.
OR
Log In

Sporcle TV

Today on Sporcle TV


Watch our educational content, quiz creation guides, and fun videos on Sporcle TV.

Show Comments

Extras

Top Quizzes Today


Score Distribution

Paid Content

Your Account Isn't Verified!

In order to create a playlist on Sporcle, you need to verify the email address you used during registration. Go to your Sporcle Settings to finish the process.

Report this User

Report this user for behavior that violates our Community Guidelines.

Details: